Kabale University Library Catalogue

Normal view MARC view
  • Representative government and representation

Entry Topical Term

Number of records used in: 2

001 - CONTROL NUMBER

  • control field: 15411

003 - CONTROL NUMBER IDENTIFIER

  • control field: OSt

005 - DATE AND TIME OF LATEST TRANSACTION

  • control field: 20260205145354.0

008 - FIXED-LENGTH DATA ELEMENTS

  • fixed length control field: 260205|| aca||aabn | a|a d

040 ## - CATALOGING SOURCE

  • Original cataloging agency: OSt
  • Transcribing agency: OSt

150 ## - HEADING--TOPICAL TERM

  • Topical term or geographic name entry element: Representative government and representation
  • Geographic subdivision: Latin America
  • General subdivision: History
  • Chronological subdivision: 20th century

670 ## - SOURCE DATA FOUND

  • Source citation: Work cat.: (OSt)6073: Carothers, Thomas, 1956- 15196, In the name of democracy :, c1991.

Kabale University Library | Kabale University P.O Box 317, Kabale, Uganda
Tel : +256754017033, +256774661503 E-mail : library@kab.ac.ug